000 00669nam a22002537a 4500
001 BR4300007
003 BR-BrBNA
005 20230928082920.0
007 ta
008 230509b bl.||||| |||| 00| 0 por d
040 _aBR-BrBNA
_bpor
_cBiblioteca Nacional de Agricultura
041 _a(Por)
072 _aL70
_b/G514
090 _ L70 BR4300007
100 1 _aAnon.
245 1 _aDefesa sanitaria animal do Estado da Bahia [Medicina veterinaria; Doenca animal; Brasil]
260 3 _a[np](Brasil):
_c1943.
300 _a195 p.
650 _aVETERINARIA
650 _aDEFESA ANIMAL
650 _aBAHIA
909 _a202309
_bLucia
_c55
_dLucia Elande
942 _cBK
999 _c10598
_d10598